• 首页
  • 本馆介绍
  • 公告通知
  • 最新文献
  • 馆藏检索
  • 电子资源
  • 读者导购
  • 参考咨询
  • 我的图书馆
  • 登录
  • 详细信息显示
  • 放入我的书架
  • 预约/预借图书
  • 作者相关作品
  • 分类相关作品
  • 丛书相关作品
  • 出版社相关作品

书目信息

  • 表格格式
  • 工作单格式
  • 卡片格式
题名:
美国风光
    
 
作者: 姚士谋 , 何腾高 著
分册:  
出版信息: 北京   中国青年出版社  1982.06
页数: 172页
开本: 19cm
丛书名: 地理小丛书
单 册:
中图分类: K971.2
科图分类:
主题词: 风情录--美国
电子资源:
ISBN:
000 00751nam2 2200277 45
001 0187007863
005 20060802083858.25
010    @dCNY0.45
091    @a12009.69
100    @a19930513d1982 em y0chiy0121 ea
101 0  @achi
102    @aCN@b110000
105    @af zg 000yy
200 10 @a美国风光@Amei guo feng guang@f姚士谋,何腾高著@Fyao shi mou,he teng gao zhu
210    @a北京@c中国青年出版社@d1982.06
215    @a172页@c图@d19cm
225 2  @a地理小丛书
410  0 @120010@a地理小丛书
606    @a风情录@y美国
607    @a美国@x概况
690    @aK971.2@v4
701  0 @a姚士谋@Ayao shi mou@4著
701  0 @a何腾高@Ahe teng gao@4著
801  2 @aCN@bNLC@c20060802
801  0 @aCN@b深圳图书馆@c20060722
905    @dK971.2@e2
    
    美国风光/姚士谋,何腾高著.-北京:中国青年出版社,1982.06
    172页:图;19cm.-(地理小丛书)
    
    
    ISBN :CNY0.45
    
●
相关链接 在E读中查询图书 在五车中查询图书 在当当中查询图书 在豆瓣中查询图书


正题名:美国风光     索取号:K971.2/2         预约/预借

序号 登录号 条形码 馆藏地/架位号 状态 备注
1 0075729   001937649   密集书库/ [索取号:K971.2/2] 在馆    
2 0075730   202161819   密集书库/ [索取号:K971.2/2] 在馆    
3 0075731   202244703   密集书库/ [索取号:K971.2/2] 在馆    
4 0075732   202244785   密集书库/ [索取号:K971.2/2] 在馆    
5 0075733   202234475   密集书库/ [索取号:K971.2/2] 在馆    
6 0161027   000083288   密集书库/ [索取号:K971.2/2] 在馆    
7 0161028   000082886   密集书库/ [索取号:K971.2/2] 在馆    
8 0161029   000083616   密集书库/ [索取号:K971.2/2] 在馆    
9 0161030   000083279   第二样本阅览室/ [索取号:K971.2/2] 在馆    
10 0161031   202238033   密集书库/ [索取号:K971.2/2] 在馆    
11 0435611   204356115   密集书库/ [索取号:K971.2/2] 在馆    
12 0444180   204441808   密集书库/ [索取号:K971.2/2] 在馆    
唐山师范学院图书馆 欢迎您!
大连网信软件有限公司© 版权所有